[Event "GER Seniors Derby 13th"]
[Site "Wesel Undeloh"]
[Date "2014.05.09"]
[Round "5"]
[White "Renz, Peter"]
[Black "Wollenweber, Jochen"]
[Result "1-0"]
[WhiteElo "1643"]
[BlackElo "1195"]
[PlyCount "57"]
[EventDate "2014.05.07"]
[EventType "swiss"]
[EventRounds "9"]
[EventCountry "GER"]
[SourceTitle "EXT 2018"]
[Source "ChessBase"]
[SourceDate "2017.10.13"]
[SourceVersion "1"]
[SourceVersionDate "2017.10.13"]
[SourceQuality "1"]

1. d4 d5 2. c4 Bf5 3. Nc3 Nf6 4. cxd5 Nxd5 5. f3 Nxc3 6. bxc3 e6 7. e4 Bg6 8. Ne2 c5 9. d5 exd5 10. exd5 Bd6 11. Bf4 0-0 12. Bxd6 Qxd6 13. Ng3 Re8+ 14. Be2 h5 15. 0-0 h4 16. Nh1 a6 17. c4 Re3 18. Nf2 f6 19. Bd3 Bxd3 20. Nxd3 Nd7 21. Rb1 b5 22. cxb5 Qxd5 23. Nf4 Qf5 24. Nd5 Re5 25. Nc7 Ra7 26. Nxa6 Rd5 27. Qb3 Nb6 28. a4 Qf4 29. a5 1-0